00689nam a2200181 4500001000700000003000900007005001700016007000300033008004100036100003400077245016200111250001300273260003700286300002200323852002200345999001900367952012100386123420ES-MaACL20230906192154.0t|070214s1903 fr r ||||1| fre d1 aQueyrat, Frédéric.99460412aL'imagination et ses varietés chez l'enfant b: etude de psychologie expérimentale appliquée a l'education intellectuelle / cpar Frédéric Queyrat. a3ª. ed. aParis : bFélix Alcan, c1903. a162 p. ; c18 cm. aES-MaACLjF-11702 c123420d123420 00104070aATENEOMbATENEOMcSPP2d2008-01-17eSCl0oF-11702p1128593r2023-02-23 00:00:00w2023-02-23yMONOGRAFIA